Noncontact Atomic Force Microscopy /

Saved in:
Bibliographic Details
Other Authors: Morita, Seizo (Compiler), Meyer, E. (Compiler), Wiesendanger, Roland (Compiler)
Format: Book
Language:English
Published: Berlin : Springer Verlag, 2002
Subjects:
Tags: Add Tag
No Tags, Be the first to tag this record!

MARC

LEADER 00000nam a22000003a 4500
001 stu99404
005 20150617225821.5
008 051208s2002----gw------------------eng-d
020 |a 3-540-43117-9 
040 |a STU  |b slo 
041 0 |a eng 
044 |a gw 
080 |a 538.9  |7 stu_us_auth*stu7967 
080 |a 537.533.35 
084 |a A7280  |2 INS 
084 |a B2520  |2 INS 
100 1 |a Morita, Seizo  |4 com 
245 1 |a Noncontact Atomic Force Microscopy /  |c Ed.: Morita, S. a i. 
260 |a Berlin :  |b Springer Verlag,  |c 2002 
300 |a 439 s 
650 7 |a elektrónová mikroskopia  |2 stusub 
700 1 |a Meyer, E.  |4 com 
700 1 |a Wiesendanger, Roland  |4 com 
996 |b 284EK85840  |c E*85840  |l EE11  |s P  |a 0  |w stu99404_0001